|
|
|
|
| LEADER |
00000cam a2200000 a 4500 |
| 001 |
vtls001082851 |
| 003 |
SK-MaSNL |
| 005 |
20260301111208.0 |
| 008 |
240313s1989 xo 00000 slo |
| 015 |
|
|
|a SNBA1989/12
|
| 020 |
|
|
|a 8022701106
|
| 035 |
|
|
|a SNK000025689
|
| 040 |
|
|
|a SNK
|b slo
|c SNK
|e AACR2
|
| 041 |
0 |
|
|a slo
|
| 044 |
|
|
|a xo
|c SK
|
| 080 |
|
|
|a 681.51(075.8)
|2 1981
|
| 100 |
1 |
|
|a Sásik, Ján,
|d 1940-
|4 aut
|9 6558
|
| 245 |
1 |
0 |
|a Prostriedky automatického riadenia 2
|c Ján Sásik
|
| 250 |
|
|
|a 1. vyd.
|
| 260 |
|
|
|a Bratislava
|b Slovenská vysoká škola technická
|c 1989
|
| 300 |
|
|
|a 331 s.
|b sch., tab.
|c 29 cm
|
| 366 |
|
|
|e 100 výt.
|
| 504 |
|
|
|a Bibliogr.
|
| 650 |
0 |
7 |
|a automatické riadenie
|2 SNKPH
|9 67900
|
| 655 |
|
7 |
|a učebnice vysokých škôl
|2 SNKPH
|9 70191
|
| 919 |
|
|
|a 80-227-0110-6
|
| 958 |
|
|
|a OND
|
| 958 |
|
|
|a NB
|
| 999 |
|
|
|c 705978
|d 707908
|
| 952 |
|
|
|t P60, <04>, [BOOK], {604}
|a SNK
|b SNK
|y VYP
|7 0
|p 17A0154050
|o snkSB 45663/2 D1
|i snkSKP 9330/89
|0 0
|1 0
|4 0
|d 1998-08-04
|l 0
|r 2004-12-31 00:00:00
|w 2026-02-23
|
| 952 |
|
|
|a SNK
|b SNK
|y PREZ
|7 0
|p 17A0860107
|o snkSB 45663/2
|i snkKSP 9329/89
|0 0
|1 0
|4 0
|d 2014-03-28
|f 1
|l 0
|r 2026-02-23 21:15:26
|w 2026-02-23
|